000 00435 a2200133 4500
001 ART_6747
005 20260410161826.0
008 260409a
245 1 0 _aConfianza en las certificaciones y disposición a pagar por la calidad de los alimentos
100 1 _aBerges, Miriam
700 1 _aCasellas, Karina
700 1 _aPace Guerrero, Ignacio
773 0 _tFACES
_g- Año 15, Nº 32/33 (ene./dic. 2009)
_wREV5046
999 _c22830
_d22830